Vplyv pandémie COVID-19 na legislatívny a regulačný rámec výkazníctva komerčných poisťovní v SR

Saved in:
Bibliographic Details
Main Author: Meluchová, Jitka, 1965-
Format: Book Chapter
Language:English
Subjects:
Tags: Add Tag
No Tags, Be the first to tag this record!

MARC

LEADER 00000naa$a2200000$$$4500
001 0280306
005 20240502074341.5
041 0 |a eng 
044 |a SK 
245 1 0 |a Vplyv pandémie COVID-19 na legislatívny a regulačný rámec výkazníctva komerčných poisťovní v SR  |c Jitka Meluchová 
500 |a Abstrakt 
610 2 0 |a globalizácia 
610 2 0 |a poisťovne komerčné 
610 2 0 |a reporting 
610 2 0 |a legislatíva 
610 2 0 |a pandémia 
100 1 |a Meluchová, Jitka, 1965-